000 00467nam a2200145 4500
999 _c6264
_d6264
008 170220b xxu||||| |||| 00| 0 eng d
082 _aDPer 910.5 T69 Jan-Aug 2015 v. 1-4
100 _918861
_aTanjangco, John
245 _aUbiquitously Astoria/
_cJohn Tanjangco.
260 _aPhilippines:
_bOne Mega Group,
_c©2015.
300 _av3, page 31:
_billustrations;
_c28 cm.
500 _aTravel Now.
650 0 _918862
_aHotels and motels
_xAstoria
942 _2ddc
_cPER